LEADER 00898nam a2200229 i 4500 001 000000169205 003 CaOOAMICUS 005 20080213000000.0 008 080213s1970 it u000 u ita u 013 $a146608 040 $aSeMil$bita 100 1 $aGerosa, Ercole.$0(OLS)http://semarc/name/63229 245 10$aSono nato problema :$b1960-1970 /$cErcole Gerosa. 260 $aMilano :$bEditrice Convivio Letterario,$cstampa 1970. 300 $a84 p. ;$c22 cm. 500 $aIn occhietto : Dedica autografa dell'Autore. - Fondo Card. Giovanni Colombo. 850 $aSeMil 852 $aSeMil$W1$xVenegono$y1$m1B II 188$j236072$B120166$CSeMilBibl$Z2$F131828 $81 941 1 $a3 961 $aLascito: Colombo Card. Giovanni 996 $6245$aSono nato problema :$b1960-1970$9(OLS)http://semarc/title/241976 996 $6260$aMilano :$bEditrice Convivio Letterario$9(OLS)http://semarc/publisher/30930 LEADER 01272nam a2200289 i 4500 001 000000259015 003 CaOOAMICUS 005 20180627000000.0 008 180627s2017 it u000 u ita u 013 $a237923 020 $a978-88-01-06330-1 040 $aSeMil$bita 100 1 $aFerretti, Giovanni,$d<1933- >.$0(OLS)http://semarc/name/4227 245 10$aEssere prete oggi :$bmeditazioni sull'identità del prete /$cGiovanni Ferretti. 250 $a2. ed. con un nuovo saggio sull'identità relazionale del presbitero oggi. 260 $aLeumann (TO) :$bElledici,$c2017. 300 $a166 p. ;$c21 cm. 490 0 $aMeditare 650 4$aSacerdozio - Meditazioni.$0(OLS)http://semarc/subject/3490 650 4$aPresbiteri - Ministero - Società.$0(OLS)http://semarc/subject/12028 830 0$aMeditare.$0(OLS)http://semarc/title/13685 850 $aSeMil 852 $aSeMil$W1$xVenegono$y1$m3G V 387$j209360$B209360$CSeMilBibl$Z2$F223136 $81 961 $aOmaggio per recensione: Scuola Cattolica 996 $6020$a978-88-01-06330-1$9(OLS)http://semarc/number/284564 996 $6245$aEssere prete oggi :$bmeditazioni sull'identità del prete$9(OLS)http://semarc/title/413867 996 $6260$aLeumann (TO) :$bElledici$9(OLS)http://semarc/publisher/29715 LEADER 00905nam a2200217 i 4500 001 000000016488 003 CaOOAMICUS 005 20250825125620.0 008 180830s1919 gw u000 u ger u 040 $aSeMil$bita 100 1 $aDickens, Charles,$d<1812-1870>.$0(OLS)http://semarc/name/6853 240 14$aThe posthumos papers of the Pickwick Club.$0(OLS)http://semarc/title/427222 245 14$aDie Pickwickier /$cCharles Dickens ; aus dem Englischen von Julius Seybt. 264 1$aLeipzig :$bReclam,$c1919. 300 $a2 v. ;$c14 cm. 700 1 $aSeybt, Julius.$0(OLS)http://semarc/name/7589 774 0 $tErster Teil.$dLeipzig : Reclam, [1919]$gTeil1$w()153081 774 0 $tZweiter Teil.$dLeipzig : Reclam, [1919]$g2$w()153842 996 $6245$aDie Pickwickier$9(OLS)http://semarc/title/21809 996 $6264$aLeipzig :$bReclam$9(OLS)http://semarc/publisher/34416